[Event "CRI-ch 76th"]
[Site "San Jose"]
[Date "2013.11.25"]
[Round "12"]
[White "Solano Cuya, Bryan"]
[Black "Maynard Salazar, Francis"]
[Result "1/2-1/2"]
[WhiteElo "2061"]
[BlackElo "2159"]
[PlyCount "80"]
[EventDate "2013.11.15"]
[EventType "tourn"]
[EventRounds "13"]
[EventCountry "CRI"]
[EventCategory "1"]
[SourceTitle "CBM 157 Extra"]
[Source "ChessBase"]
[SourceDate "2013.12.19"]
[SourceVersion "1"]
[SourceVersionDate "2013.12.19"]
[SourceQuality "1"]

1. d4 d5 2. c4 c6 3. Nf3 e6 4. Nc3 dxc4 5. e4 b5 6. Bg5 Qa5 7. Be2 Nf6 8. Bxf6 gxf6 9. 0-0 Nd7 10. d5 cxd5 11. exd5 e5 12. Nd2 Bb4 13. a4 Bxc3 14. axb5 Bxd2 15. Rxa5 Bxa5 16. Bg4 Bb6 17. Qf3 Bb7 18. Bxd7+ Kxd7 19. Qxf6 Bxd5 20. Qxe5 Be6 21. Rd1+ Ke7 22. Qg5+ Kf8 23. Qf6 Rg8 24. Kh1 Rg7 25. f4 Bg4 26. Re1 Kg8 27. h3 Be6 28. Rd1 Rg6 29. Qe5 f5 30. g4 Rf8 31. g5 Bc8 32. Qd5+ Be6 33. Qe5 Bc8 34. h4 Re6 35. Qd5 Rf7 36. Qa8 Re8 37. Kh2 Re2+ 38. Kg3 Re3+ 39. Kh2 Re2+ 40. Kg3 Re3+ 1/2-1/2

[Event "CRI-ch 76th"]
[Site "San Jose"]
[Date "2013.11.24"]
[Round "11"]
[White "Maynard Salazar, Francis"]
[Black "Jimenez Garcia, Emanuel"]
[Result "1-0"]
[WhiteElo "2159"]
[BlackElo "2064"]
[PlyCount "57"]
[EventDate "2013.11.15"]
[EventType "tourn"]
[EventRounds "13"]
[EventCountry "CRI"]
[EventCategory "1"]
[SourceTitle "CBM 157 Extra"]
[Source "ChessBase"]
[SourceDate "2013.12.19"]
[SourceVersion "1"]
[SourceVersionDate "2013.12.19"]
[SourceQuality "1"]

1. d4 Nf6 2. c4 e6 3. Nc3 d5 4. Bg5 Be7 5. e3 0-0 6. Nf3 h6 7. Bh4 b6 8. Bd3 Bb7 9. Bxf6 Bxf6 10. cxd5 exd5 11. 0-0 c5 12. Rc1 Nd7 13. Ne2 c4 14. Bb1 b5 15. Qc2 g6 16. Nf4 Bg7 17. h4 Nf6 18. Ne5 Bc8 19. Qe2 Ne4 20. h5 Bxe5 21. dxe5 Bb7 22. hxg6 Qg5 23. gxf7+ Rxf7 24. e6 Rg7 25. Bxe4 dxe4 26. Rfd1 Re8 27. g3 a6 28. Rd7 Bc8 29. Rcd1 1-0

[Event "CRI-ch 76th"]
[Site "San Jose"]
[Date "2013.11.23"]
[Round "9"]
[White "Maynard Salazar, Francis"]
[Black "Gonzalez Acosta, Bernal Manuel"]
[Result "0-1"]
[WhiteElo "2159"]
[BlackElo "2454"]
[PlyCount "78"]
[EventDate "2013.11.15"]
[EventType "tourn"]
[EventRounds "13"]
[EventCountry "CRI"]
[EventCategory "1"]
[SourceTitle "CBM 157 Extra"]
[Source "ChessBase"]
[SourceDate "2013.12.19"]
[SourceVersion "1"]
[SourceVersionDate "2013.12.19"]
[SourceQuality "1"]

1. e4 c5 2. f4 e6 3. Nf3 Nc6 4. c3 d5 5. e5 d4 6. Bb5 Bd7 7. Qe2 a6 8. Bd3 Nge7 9. 0-0 Nf5 10. b3 h5 11. Bb2 h4 12. Bxf5 exf5 13. Ng5 Rh6 14. Na3 Be7 15. Nc4 Kf8 16. cxd4 Nxd4 17. Bxd4 cxd4 18. Nd6 Bxd6 19. exd6 Bb5 20. d3 Qxd6 21. Rae1 Re8 22. Qf3 f6 23. Rxe8+ Bxe8 24. Nh3 Bc6 25. Qe2 Kf7 26. Rf2 Rh8 27. Qd2 Rc8 28. Re2 Bb5 29. Nf2 Rc3 30. h3 a5 31. Re1 g6 32. Re2 Qc7 33. Kf1 Rc1+ 34. Nd1 a4 35. Kf2 a3 36. g3 hxg3+ 37. Kxg3 g5 38. Nf2 gxf4+ 39. Kh4 Qb8 0-1

[Event "CRI-ch 76th"]
[Site "San Jose"]
[Date "2013.11.15"]
[Round "1"]
[White "Gamboa Alvarado, Olga Leticia"]
[Black "Maynard Salazar, Francis"]
[Result "1/2-1/2"]
[WhiteElo "1896"]
[BlackElo "2159"]
[PlyCount "165"]
[EventDate "2013.11.15"]
[EventType "tourn"]
[EventRounds "13"]
[EventCountry "CRI"]
[EventCategory "1"]
[SourceTitle "CBM 157 Extra"]
[Source "ChessBase"]
[SourceDate "2013.12.19"]
[SourceVersion "1"]
[SourceVersionDate "2013.12.19"]
[SourceQuality "1"]

1. d4 Nf6 2. c4 e6 3. Nc3 d5 4. cxd5 exd5 5. Bg5 c6 6. Qc2 Na6 7. e3 Nc7 8. Nf3 Ne6 9. Bh4 Be7 10. Bd3 g6 11. Rb1 0-0 12. 0-0 Re8 13. b4 a6 14. a4 Ng7 15. b5 axb5 16. axb5 Bf5 17. bxc6 Bxd3 18. Qxd3 bxc6 19. Ne5 Qc8 20. Rfc1 Qe6 21. Rb6 Rec8 22. Ne2 Nd7 23. Nxd7 Bxh4 24. Ne5 Nf5 25. Rbxc6 Rxc6 26. Nxc6 Ra2 27. g3 Bg5 28. Rc2 Ra1+ 29. Kg2 Bxe3 30. Ne5 Bxd4 31. Nxd4 Qxe5 32. Nxf5 gxf5 33. Re2 Ra3 34. Rxe5 Rxd3 35. Rxf5 Kg7 36. Kf1 Kg6 37. Rf4 Rd2 38. Ke1 Ra2 39. Rd4 Ra5 40. Ke2 Kf5 41. Rf4+ Kg6 42. Kd3 Rb5 43. Kc3 f6 44. Rd4 Kf5 45. Rd2 Ke5 46. Re2+ Kd6 47. Re8 Ra5 48. Kd4 Ra4+ 49. Kd3 Ra2 50. Ke3 Rb2 51. h4 Rb4 52. Rh8 Rb7 53. g4 Re7+ 54. Kd3 Rg7 55. f3 Ke5 56. Rf8 Ra7 57. g5 fxg5 58. hxg5 Ra3+ 59. Ke2 Ra2+ 60. Ke3 Ra3+ 61. Kf2 d4 62. Rf7 Rb3 63. Rxh7 Kf5 64. Rh4 Rd3 65. Rg4 Rd2+ 66. Ke1 Rd3 67. Ke2 Re3+ 68. Kf2 Re6 69. Rxd4 Kxg5 70. Kg3 Ra6 71. Rd5+ Kf6 72. Rh5 Kg6 73. Re5 Ra4 74. Kf2 Ra3 75. Rb5 Kf6 76. Kg3 Ra4 77. f4 Ra1 78. Kf3 Rf1+ 79. Ke2 Rxf4 80. Rb6+ Kf5 81. Rb5+ Ke4 82. Rb4+ Kf5 83. Rxf4+ 1/2-1/2

[Event "San Jose op"]
[Site "San Jose"]
[Date "2013.07.21"]
[Round "8"]
[White "Maynard Salazar, Francis"]
[Black "Alfaro Rojas, Alfonso Jose"]
[Result "1/2-1/2"]
[WhiteElo "2153"]
[BlackElo "2349"]
[PlyCount "41"]
[EventDate "2013.06.29"]
[EventType "swiss"]
[EventRounds "9"]
[EventCountry "CRI"]
[SourceTitle "EXT 2014"]
[Source "ChessBase"]
[SourceDate "2013.11.20"]
[SourceVersion "1"]
[SourceVersionDate "2013.11.20"]
[SourceQuality "1"]

1. d4 d5 2. c4 c6 3. Nf3 Nf6 4. e3 e6 5. Nc3 Nbd7 6. Qc2 Bd6 7. Bd3 0-0 8. 0-0 dxc4 9. Bxc4 b5 10. Bd3 Bb7 11. Ne4 Nxe4 12. Bxe4 h6 13. Rd1 Qe7 14. b3 Rac8 15. Qe2 a6 16. Bb2 Nf6 17. Bd3 Nd5 18. Rac1 c5 19. dxc5 Rxc5 20. Rxc5 Bxc5 21. Bb1 1/2-1/2

[Event "San Jose op"]
[Site "San Jose"]
[Date "2013.06.30"]
[Round "3"]
[White "Bermudez Vives, Sergio"]
[Black "Maynard Salazar, Francis"]
[Result "0-1"]
[WhiteElo "2177"]
[BlackElo "2153"]
[PlyCount "70"]
[EventDate "2013.06.29"]
[EventType "swiss"]
[EventRounds "9"]
[EventCountry "CRI"]
[SourceTitle "EXT 2014"]
[Source "ChessBase"]
[SourceDate "2013.11.20"]
[SourceVersion "1"]
[SourceVersionDate "2013.11.20"]
[SourceQuality "1"]

1. e4 e5 2. Nf3 Nc6 3. Bb5 a6 4. Ba4 d6 5. Bxc6+ bxc6 6. 0-0 c5 7. Re1 Nf6 8. b4 cxb4 9. d4 Bb7 10. Nbd2 Be7 11. a3 bxa3 12. Rxa3 Nd7 13. Nc4 0-0 14. Na5 Qc8 15. Rb3 Rb8 16. Ba3 Bf6 17. Qd3 Ba8 18. Reb1 Rxb3 19. Rxb3 exd4 20. Nxd4 Re8 21. f3 Ne5 22. Qd2 Qd7 23. Ne2 g6 24. Bb2 Bg7 25. Bd4 Qa4 26. f4 Ng4 27. Bxg7 Qxe4 28. Ng3 Qe1+ 29. Qxe1 Rxe1+ 30. Nf1 Kxg7 31. h3 Nf6 32. Kf2 Ra1 33. Nc4 Ne4+ 34. Ke2 Bd5 35. Ra3 Bxc4+ 0-1

[Event "San Jose op"]
[Site "San Jose"]
[Date "2013.06.30"]
[Round "2"]
[White "Maynard Salazar, Francis"]
[Black "Ramirez Arroyo, Joan Emmanuel"]
[Result "1-0"]
[WhiteElo "2153"]
[BlackElo "2055"]
[PlyCount "39"]
[EventDate "2013.06.29"]
[EventType "swiss"]
[EventRounds "9"]
[EventCountry "CRI"]
[SourceTitle "EXT 2014"]
[Source "ChessBase"]
[SourceDate "2013.11.20"]
[SourceVersion "1"]
[SourceVersionDate "2013.11.20"]
[SourceQuality "1"]

1. d4 Nf6 2. c4 g6 3. Nc3 Bg7 4. e4 d6 5. Be2 0-0 6. f4 c5 7. Nf3 Bg4 8. d5 Na6 9. Be3 Nc7 10. 0-0 a6 11. a4 Rb8 12. Rb1 a5 13. Qe1 Na6 14. Qh4 Nb4 15. e5 Bxf3 16. Rxf3 Nd7 17. Rh3 h6 18. f5 Nxe5 19. Bxh6 Bf6 20. Bg5 1-0

[Event "CRI-chT"]
[Site "San Jose"]
[Date "2012.07.28"]
[Round "8.4"]
[White "Acevedo Mendez, Lisseth"]
[Black "Maynard Salazar, Francis"]
[Result "0-1"]
[WhiteElo "1882"]
[BlackElo "2154"]
[PlyCount "80"]
[EventDate "2012.07.22"]
[EventType "team-tourn"]
[EventRounds "9"]
[EventCountry "CRI"]
[SourceTitle "EXT 2013"]
[Source "ChessBase"]
[SourceDate "2012.11.22"]
[SourceVersion "1"]
[SourceVersionDate "2012.11.22"]
[SourceQuality "1"]
[WhiteTeam "Costa Rica Selection (W)"]
[BlackTeam "Cartago Las Brumas"]
[WhiteTeamCountry "CRI"]
[BlackTeamCountry "CRI"]

1. e4 c5 2. Nf3 e6 3. d4 cxd4 4. Nxd4 Nf6 5. Nc3 Nc6 6. g3 Bb4 7. Nxc6 bxc6 8. Qd4 Qa5 9. Bd2 Bc5 10. Qd3 Qb6 11. Qf3 Bd4 12. Na4 Qb8 13. c3 Be5 14. Be2 d5 15. exd5 cxd5 16. 0-0 Bd7 17. Bd1 0-0 18. Rb1 Ne4 19. Bc1 Qe8 20. Qh5 Bf6 21. f3 g6 22. Qh6 Bg7 23. Qe3 Nxg3 24. hxg3 Bxa4 25. b3 Bc6 26. Ba3 Qb8 27. Bxf8 Qxg3+ 28. Kh1 Rxf8 29. Qf2 Qh3+ 30. Kg1 Bb5 31. c4 dxc4 32. a4 Rd8 33. Qh2 Bd4+ 34. Rf2 Qf5 35. Qc7 Qg5+ 36. Kf1 Bxf2 37. Kxf2 Qh4+ 38. Ke2 c3+ 39. axb5 Rd2+ 40. Ke3 Qd4# 0-1

[Event "CRI-chT"]
[Site "San Jose"]
[Date "2012.07.25"]
[Round "3.5"]
[White "Maynard Salazar, Francis"]
[Black "Jimenez Garcia, Emanuel"]
[Result "1-0"]
[WhiteElo "2154"]
[BlackElo "2055"]
[PlyCount "75"]
[EventDate "2012.07.22"]
[EventType "team-tourn"]
[EventRounds "9"]
[EventCountry "CRI"]
[SourceTitle "EXT 2013"]
[Source "ChessBase"]
[SourceDate "2012.11.22"]
[SourceVersion "1"]
[SourceVersionDate "2012.11.22"]
[SourceQuality "1"]
[WhiteTeam "Cartago Las Brumas"]
[BlackTeam "Mapache"]
[WhiteTeamCountry "CRI"]
[BlackTeamCountry "CRI"]

1. d4 d5 2. c4 e6 3. Nc3 Nf6 4. Nf3 Be7 5. Bg5 0-0 6. Qc2 Nc6 7. e3 h6 8. Bh4 b6 9. a3 Bb7 10. Bd3 Na5 11. cxd5 Nxd5 12. Bxe7 Qxe7 13. Rc1 c5 14. dxc5 Qxc5 15. b4 Qxc3+ 16. Qxc3 Nxc3 17. Rxc3 Rac8 18. Rxc8 Rxc8 19. Ke2 Nb3 20. Rb1 Rc3 21. Ne1 a5 22. Bc2 Ba6+ 23. Kd1 Bc4 24. bxa5 Nxa5 25. Rxb6 g6 26. a4 Bd5 27. e4 Bc6 28. Ra6 Nb7 29. Kd2 Rc4 30. f3 Bd7 31. a5 Rc5 32. Ra7 Bc6 33. a6 Nd6 34. Rc7 Nc4+ 35. Kc1 Ne5 36. f4 Nd7 37. Kd2 Bb5 38. a7 1-0

[Event "CRI-ch"]
[Site "San Jose"]
[Date "2010.08.08"]
[Round "12"]
[White "Maynard Salazar, Francis"]
[Black "Arias Santana, Mauricio"]
[Result "1/2-1/2"]
[WhiteElo "2202"]
[BlackElo "2345"]
[PlyCount "278"]
[EventDate "2010.07.26"]
[EventType "tourn"]
[EventRounds "13"]
[EventCountry "CRI"]
[SourceTitle "CBM 137 Extra"]
[Source "ChessBase"]
[SourceDate "2010.09.01"]
[SourceVersion "1"]
[SourceVersionDate "2010.09.01"]
[SourceQuality "1"]

1. d4 f5 2. Nf3 Nf6 3. g3 e6 4. Bg2 d5 5. 0-0 Bd6 6. c4 c6 7. b3 Qe7 8. Bb2 0-0 9. Nbd2 b6 10. Ne5 Bb7 11. Rc1 Na6 12. cxd5 cxd5 13. Ndf3 Rfc8 14. Nd3 Ba3 15. Rxc8+ Rxc8 16. Qb1 Bd6 17. Rc1 Rf8 18. Nde5 Nb8 19. Qd3 Qe8 20. Qe3 Kh8 21. Rc2 a5 22. Ng5 Kg8 23. f3 Nh5 24. Nd3 Rf6 25. f4 h6 26. Nf3 Rf8 27. Nfe5 Kh7 28. Nf2 Na6 29. a3 Nf6 30. Qc1 Nb8 31. e3 Qe7 32. Bf1 Rg8 33. b4 axb4 34. axb4 g5 35. b5 gxf4 36. exf4 Rg7 37. Qd1 Qe8 38. Be2 h5 39. Kf1 Ng4 40. Nfxg4 hxg4 41. Qd3 Kg8 42. Ba3 Bc7 43. Qe3 Rh7 44. Kg1 Rg7 45. Qc1 Bd8 46. Nc6 Bf6 47. Qe3 Nxc6 48. bxc6 Bxc6 49. Bd6 Ra7 50. Be5 Bd8 51. Qb3 Bd7 52. Kg2 Ba4 53. Qa2 Bxc2 54. Qxa7 Be4+ 55. Kf2 Qf8 56. Qd7 Qe7 57. Qxe7 Bxe7 58. Bc7 Kf7 59. Bxb6 Bb4 60. Bf1 Ke7 61. h3 gxh3 62. Bxh3 Bd2 63. Bf1 Kd6 64. Bb5 Bc3 65. Bc5+ Kc7 66. Ba7 Bc2 67. Bc5 Be4 68. Ba7 Bb4 69. Ke2 Bc2 70. Kf2 Bb3 71. Be8 Bc4 72. Bf7 Kb7 73. Bc5 Bxc5 74. dxc5 d4 75. Be8 Ka6 76. Ke1 Bb5 77. c6 Bc4 78. Kd2 Kb6 79. Kc2 Kc7 80. Kd2 Kd8 81. Bf7 Ke7 82. Bg8 Kd6 83. Bf7 Kxc6 84. Bh5 Bd5 85. Be2 Be4 86. g4 fxg4 87. Bxg4 Bf5 88. Bf3+ Kc5 89. Bb7 Bb1 90. Bc8 Bf5 91. Bb7 Bb1 92. Bc8 Ba2 93. Ba6 Bc4 94. Bb7 Kd6 95. Be4 Ke7 96. Bd3 Bd5 97. Be2 Kd6 98. Ba6 Bg2 99. Bc4 Be4 100. Ba6 Bf5 101. Bc4 Ke7 102. Bd3 Kf6 103. Be2 Be4 104. Bg4 Bf5 105. Be2 Ke7 106. Bd3 Kd6 107. Bc4 Bh3 108. Ba6 Kc5 109. Bb7 Kb4 110. Kd3 Kc5 111. Kd2 Bf5 112. Ba6 Be4 113. Bc8 Bd5 114. Ba6 Bc4 115. Bb7 Kd6 116. Be4 Ba6 117. Bf3 Ke7 118. Bg4 Kf6 119. Kc2 Bf1 120. Kd2 Ke7 121. Bh5 Kd6 122. Bg4 Kd5 123. Bf3+ Kc5 124. Bg4 Bc4 125. Bh3 Kd6 126. Bg4 Bd5 127. Kd3 Kc5 128. Kd2 Bc4 129. Bh3 Kd6 130. Bg4 Bf1 131. Bf3 Bh3 132. Be4 Kc5 133. Bf3 Bf5 134. Bg2 Kc4 135. Bb7 d3 136. Ba6+ Kd4 137. Bb7 Bh3 138. Ba6 Bf5 139. Bb5 Be4 1/2-1/2

[Event "CRI-ch"]
[Site "San Jose"]
[Date "2010.08.05"]
[Round "9"]
[White "Duran Vega, Andres"]
[Black "Maynard Salazar, Francis"]
[Result "1-0"]
[WhiteElo "1993"]
[BlackElo "2202"]
[PlyCount "133"]
[EventDate "2010.07.26"]
[EventType "tourn"]
[EventRounds "13"]
[EventCountry "CRI"]
[SourceTitle "CBM 137 Extra"]
[Source "ChessBase"]
[SourceDate "2010.09.01"]
[SourceVersion "1"]
[SourceVersionDate "2010.09.01"]
[SourceQuality "1"]

1. d4 f5 2. c4 Nf6 3. Nf3 e6 4. g3 Bb4+ 5. Bd2 Be7 6. Nc3 0-0 7. Bg2 d6 8. 0-0 Qe8 9. Qc2 Qg6 10. b4 Nc6 11. b5 Nd8 12. e3 Bd7 13. Ne2 Ne4 14. Nf4 Qh6 15. Nd3 Nf7 16. a4 g5 17. Nfe1 e5 18. f4 gxf4 19. exf4 exd4 20. Nf2 Nc5 21. Ned3 Rae8 22. Nb4 Qg7 23. Rae1 Bd8 24. Nd5 Nh6 25. Nd3 Ng4 26. h3 Nf6 27. Nxf6+ Bxf6 28. Nxc5 dxc5 29. Kh2 b6 30. Qd3 Qg6 31. Qf3 Kh8 32. Rxe8 Bxe8 33. Qb7 Bf7 34. Rc1 Rg8 35. Qf3 Rc8 36. Bf1 Rg8 37. Bd3 Be6 38. Rg1 Qf7 39. Qe2 Re8 40. Re1 Bd7 41. Qf3 Be6 42. a5 Re7 43. Qf1 Kg7 44. a6 Qe8 45. Qf3 Qf7 46. Rc1 Qe8 47. Qb7 Bc8 48. Qg2 Bd7 49. Rg1 Kh8 50. Qb7 c6 51. Qxa7 cxb5 52. Qxb6 Bc6 53. Rg2 bxc4 54. Bxc4 Kg7 55. Rf2 Qc8 56. Qxc5 Rc7 57. Ba5 Re7 58. a7 Qb7 59. Bb6 Be4 60. Bd8 d3 61. Bxe7 Bxe7 62. Qe5+ Bf6 63. Qb8 Qc6 64. Bxd3 Qc5 65. Rc2 Bc3 66. Bxe4 fxe4 67. a8Q 1-0

[Event "CRI-ch"]
[Site "San Jose"]
[Date "2010.07.26"]
[Round "1"]
[White "Maynard Salazar, Francis"]
[Black "Bermudez Vives, Sergio"]
[Result "1/2-1/2"]
[WhiteElo "2202"]
[BlackElo "2183"]
[PlyCount "106"]
[EventDate "2010.07.26"]
[EventType "tourn"]
[EventRounds "13"]
[EventCountry "CRI"]
[SourceTitle "CBM 137 Extra"]
[Source "ChessBase"]
[SourceDate "2010.09.01"]
[SourceVersion "1"]
[SourceVersionDate "2010.09.01"]
[SourceQuality "1"]

1. d4 f5 2. e4 fxe4 3. Nc3 Nf6 4. Bg5 Nc6 5. d5 Ne5 6. Qd4 Nf7 7. Bxf6 exf6 8. Qxe4+ Qe7 9. Nf3 b6 10. 0-0-0 Qxe4 11. Nxe4 Nd6 12. Nc3 Bb7 13. Re1+ Kf7 14. Nd4 g6 15. Ndb5 Nxb5 16. Nxb5 Bd6 17. Nxd6+ cxd6 18. Bc4 Rac8 19. Bb3 Rc5 20. Re3 Bxd5 21. Rhe1 Be6 22. Bxe6+ dxe6 23. Rxe6 Re5 24. R1xe5 dxe5 25. Rc6 Re8 26. Kd2 Rd8+ 27. Ke3 Ke7 28. c4 Rd6 29. Rc7+ Rd7 30. Rc6 Rd6 31. Rc8 h5 32. Rg8 Kf7 33. Rh8 Ke6 34. Rh6 Kf5 35. Rh7 a5 36. Rc7 Rd1 37. Rc6 Re1+ 38. Kd2 Rf1 39. Ke2 Rc1 40. b3 Rc2+ 41. Ke3 a4 42. Rxb6 a3 43. Ra6 Rxa2 44. b4 Ra1 45. b5 a2 46. Ke2 Ke4 47. b6 Rb1 48. Rxa2 Rxb6 49. Rd2 Rc6 50. f3+ Kf5 51. Rc2 e4 52. Ke3 exf3 53. Kxf3 Ke5 1/2-1/2

[Event "Olympiad-35"]
[Site "Bled"]
[Date "2002.11.08"]
[Round "13.3"]
[White "Orr, Mark JL"]
[Black "Maynard Salazar, Francis"]
[Result "1-0"]
[WhiteElo "2332"]
[BlackElo "2276"]
[PlyCount "77"]
[EventDate "2002.10.26"]
[EventType "team-swiss"]
[EventRounds "14"]
[EventCountry "SLO"]
[SourceTitle "EXT 2003"]
[Source "ChessBase"]
[SourceDate "2002.11.25"]
[SourceVersion "1"]
[SourceVersionDate "2002.11.25"]
[SourceQuality "1"]
[WhiteTeam "Ireland"]
[BlackTeam "Costa Rica"]
[WhiteTeamCountry "IRL"]
[BlackTeamCountry "CRI"]

1. d4 d5 2. c4 c6 3. Nf3 Nf6 4. Nc3 e6 5. Bg5 dxc4 6. a4 Bb4 7. e4 Qa5 8. Bd2 0-0 9. Bxc4 Nbd7 10. e5 Ne8 11. 0-0 c5 12. d5 Nb6 13. dxe6 Nxc4 14. e7 Bg4 15. exf8Q+ Kxf8 16. Qb3 Be6 17. Qc2 Kg8 18. Ng5 g6 19. Nxe6 fxe6 20. Bf4 Rd8 21. Ne4 Nb6 22. Bg5 Rd5 23. Rfd1 c4 24. Nf6+ Nxf6 25. Bxf6 Bf8 26. Rxd5 Qxd5 27. h4 Qc6 28. a5 Nd5 29. g3 Kf7 30. Rc1 Bh6 31. Bg5 Bxg5 32. hxg5 Qc7 33. Qe2 Qxa5 34. Rxc4 Ne7 35. Qf3+ Ke8 36. Qf6 Qd5 37. Rc7 Qd1+ 38. Kh2 Qh5+ 39. Kg2 1-0

[Event "Olympiad-35"]
[Site "Bled"]
[Date "2002.11.07"]
[Round "12.4"]
[White "Maznitsin, Andrei"]
[Black "Maynard Salazar, Francis"]
[Result "1-0"]
[WhiteElo "2132"]
[BlackElo "2276"]
[PlyCount "76"]
[EventDate "2002.10.26"]
[EventType "team-swiss"]
[EventRounds "14"]
[EventCountry "SLO"]
[SourceTitle "EXT 2003"]
[Source "ChessBase"]
[SourceDate "2002.11.25"]
[SourceVersion "1"]
[SourceVersionDate "2002.11.25"]
[SourceQuality "1"]
[WhiteTeam "Kyrgyzstan"]
[BlackTeam "Costa Rica"]
[WhiteTeamCountry "KGZ"]
[BlackTeamCountry "CRI"]

1. c4 e6 2. Nf3 d5 3. g3 c6 4. b3 Nf6 5. Bg2 Nbd7 6. Bb2 Bd6 7. d4 0-0 8. 0-0 Re8 9. Nbd2 e5 10. cxd5 cxd5 11. dxe5 Nxe5 12. Nxe5 Bxe5 13. Bxe5 Rxe5 14. Nc4 Re7 15. Ne3 Be6 16. Qd4 Qd7 17. Rad1 Qb5 18. Rfe1 Rae8 19. Qxa7 b6 20. Qa3 Ne4 21. Qb2 f6 22. Rd3 Bf7 23. Red1 Nc5 24. Rd4 Re5 25. Bxd5 Bxd5 26. Rxd5 Rxd5 27. Rxd5 Qb4 28. Qd2 Qe4 29. Rd8 Qe7 30. Qd5+ Kf8 31. Rxe8+ Kxe8 32. Qc6+ Nd7 33. Nd5 Qd8 34. Qe6+ Kf8 35. Qd6+ Ke8 36. a4 Kf7 37. Nxb6 Qxb6 38. Qxd7+ Kf8 1-0

[Event "Olympiad-35"]
[Site "Bled"]
[Date "2002.11.06"]
[Round "11.3"]
[White "Maynard Salazar, Francis"]
[Black "Rohl Montes, Juan Armando"]
[Result "0-1"]
[WhiteElo "2276"]
[BlackElo "2379"]
[PlyCount "110"]
[EventDate "2002.10.26"]
[EventType "team-swiss"]
[EventRounds "14"]
[EventCountry "SLO"]
[SourceTitle "EXT 2003"]
[Source "ChessBase"]
[SourceDate "2002.11.25"]
[SourceVersion "1"]
[SourceVersionDate "2002.11.25"]
[SourceQuality "1"]
[WhiteTeam "Costa Rica"]
[BlackTeam "Venezuela"]
[WhiteTeamCountry "CRI"]
[BlackTeamCountry "VEN"]

1. e4 c5 2. f4 d5 3. exd5 Nf6 4. Bb5+ Bd7 5. Bxd7+ Qxd7 6. c4 e6 7. Qe2 Bd6 8. d3 0-0 9. dxe6 fxe6 10. Nf3 Nc6 11. 0-0 Rae8 12. Nc3 e5 13. f5 Nd4 14. Qd1 e4 15. dxe4 Nxe4 16. Nxe4 Rxe4 17. Nxd4 Rxd4 18. Qf3 Rd3 19. Qg4 Be5 20. Bg5 Bxb2 21. Rae1 Qd4+ 22. Qxd4 Bxd4+ 23. Kh1 h6 24. Be7 Re8 25. h3 Bc3 26. Re6 Rc8 27. Rd6 Rxd6 28. Bxd6 b6 29. Rc1 Bf6 30. a4 Rd8 31. Bf4 h5 32. Kg1 h4 33. Kf2 Rd3 34. Bb8 Bd4+ 35. Ke2 Re3+ 36. Kf1 Ra3 37. Bxa7 Rxa4 38. Bxb6 Ra2 39. Bd8 Rf2+ 40. Ke1 Rxg2 41. Rd1 Rg3 42. Bxh4 Rxh3 43. Bd8 Rc3 44. Ke2 Rxc4 45. Kd3 Rb4 46. Re1 Rb7 47. Re6 Kf7 48. Bb6 Rd7 49. Kc4 Bf2 50. Rc6 Rd4+ 51. Kc3 Rd5 52. Kc4 Rxf5 53. Rc7+ Kg6 54. Rc6+ Rf6 55. Rxf6+ Kxf6 0-1

[Event "Olympiad-35"]
[Site "Bled"]
[Date "2002.10.28"]
[Round "3.4"]
[White "Maynard Salazar, Francis"]
[Black "Gengler, Pierre"]
[Result "1-0"]
[WhiteElo "2276"]
[BlackElo "2154"]
[PlyCount "67"]
[EventDate "2002.10.26"]
[EventType "team-swiss"]
[EventRounds "14"]
[EventCountry "SLO"]
[SourceTitle "EXT 2003"]
[Source "ChessBase"]
[SourceDate "2002.11.25"]
[SourceVersion "1"]
[SourceVersionDate "2002.11.25"]
[SourceQuality "1"]
[WhiteTeam "Costa Rica"]
[BlackTeam "Luxembourg"]
[WhiteTeamCountry "CRI"]
[BlackTeamCountry "LUX"]

1. e4 c5 2. f4 e6 3. Nf3 g6 4. d4 b6 5. Be3 Nf6 6. Nc3 d5 7. Bb5+ Bd7 8. Qd3 c4 9. Bxd7+ Nbxd7 10. Qe2 Bb4 11. e5 Bxc3+ 12. bxc3 Ne4 13. Bd2 h6 14. 0-0 Qe7 15. a4 a6 16. Qe3 0-0-0 17. Bc1 Rdg8 18. Ba3 Qd8 19. Nd2 Nxd2 20. Qxd2 f5 21. exf6 Nxf6 22. Qe3 Ne4 23. Rab1 Rh7 24. Rb4 Rb7 25. Qh3 Qf6 26. Qe3 Rf8 27. Rxc4+ dxc4 28. Bxf8 Qxf8 29. Qxe4 Kb8 30. Qxe6 Ka7 31. Qxc4 Qe8 32. d5 Qe3+ 33. Kh1 Qd2 34. Qd3 1-0

[Event "Olympiad-35"]
[Site "Bled"]
[Date "2002.10.27"]
[Round "2.4"]
[White "Kiernan, Mark"]
[Black "Maynard Salazar, Francis"]
[Result "1/2-1/2"]
[WhiteElo "2103"]
[BlackElo "2276"]
[PlyCount "102"]
[EventDate "2002.10.26"]
[EventType "team-swiss"]
[EventRounds "14"]
[EventCountry "SLO"]
[SourceTitle "EXT 2003"]
[Source "ChessBase"]
[SourceDate "2002.11.25"]
[SourceVersion "1"]
[SourceVersionDate "2002.11.25"]
[SourceQuality "1"]
[WhiteTeam "Hong Kong"]
[BlackTeam "Costa Rica"]
[WhiteTeamCountry "HKG"]
[BlackTeamCountry "CRI"]

1. f4 d5 2. Nf3 Bg4 3. Ne5 Bf5 4. e3 e6 5. Be2 Nd7 6. 0-0 Bd6 7. d4 Ngf6 8. Nd2 h6 9. c3 c5 10. Qe1 0-0 11. g4 Bh7 12. Qh4 Ne4 13. Qxd8 Raxd8 14. Nxe4 Bxe4 15. Nxd7 Rxd7 16. Bd2 Rc7 17. Be1 g6 18. Bg3 f5 19. Rad1 c4 20. Rf2 b5 21. h3 b4 22. Bf3 Bxf3 23. Rxf3 Rb8 24. Be1 Rc6 25. cxb4 Bxb4 26. Bxb4 Rxb4 27. Rf2 Ra6 28. gxf5 gxf5 29. Ra1 Kf7 30. Rc2 Rba4 31. a3 Rb4 32. Kf2 Rb3 33. Re1 Rab6 34. Ree2 Rb8 35. Kf3 Rd3 36. Red2 Rdb3 37. Rg2 Rg8 38. Rge2 Rc8 39. Rg2 c3 40. Rge2 cxb2 41. Rxb2 Rxa3 42. Rb7+ Kf8 43. Rg2 Rcc3 44. Rgg7 Rxe3+ 45. Kf2 Rec3 46. Ke2 Ra2+ 47. Kd1 Rxh3 48. Rgf7+ Kg8 49. Rg7+ Kf8 50. Rgf7+ Ke8 51. Ke1 Rc3 1/2-1/2

[Event "CRI-ch"]
[Site "San Jose"]
[Date "2002.??.??"]
[Round "3"]
[White "Maynard Salazar, Francis"]
[Black "Alvarado, Dizan Ernesto"]
[Result "1-0"]
[WhiteElo "2174"]
[BlackElo "2041"]
[PlyCount "63"]
[EventDate "2002.06.??"]
[EventType "swiss"]
[EventRounds "11"]
[EventCountry "CRI"]
[SourceTitle "EXT 2007"]
[Source "ChessBase"]
[SourceDate "2006.11.23"]
[SourceVersion "1"]
[SourceVersionDate "2006.11.23"]
[SourceQuality "1"]

1. e4 c6 2. d4 d5 3. Nc3 dxe4 4. Nxe4 Bf5 5. Ng3 Bg6 6. h4 h6 7. Nf3 Nd7 8. h5 Bh7 9. Bd3 Bxd3 10. Qxd3 Ngf6 11. Bd2 Qb6 12. 0-0-0 0-0-0 13. Kb1 e6 14. Qc4 Bd6 15. Ne2 Qc7 16. Nc1 Rhe8 17. Nd3 Nb6 18. Qb3 Ne4 19. Ba5 c5 20. c4 Kb8 21. Rhe1 f5 22. dxc5 Nxc5 23. Qc2 Qf7 24. Bxb6 axb6 25. Nd4 Nxd3 26. Rxd3 Bc5 27. Nb5 Rxd3 28. Qxd3 e5 29. Rxe5 Rc8 30. Rxc5 bxc5 31. Qd6+ Ka8 32. Qb6 1-0